Movies Quiz

Random Movies or Musical Quiz

Name the Rodgers and Hammerstein Song Quiz Stats

 Plays Quiz not verified by Sporcle

Support Sporcle.
Go Orange.
Score 0/37 Timer 07:00
0 Plays Today
% Correct
and
94.6%
and
94.6%
and
94.6%
and
94.6%
you
85.7%
you
85.7%
you
85.7%
me.
70.1%
me!
70.1%
to
60.7%
my
50.9%
of
46%
every
31.3%
may
27.7%
look
27.2%
happy
25.9%
morning
25.4%
bright;
25.4%
greet
24.6%
% Correct
forever.
24.6%
forever.
24.6%
white,
24.1%
meet
24.1%
grow,
24.1%
grow
24.1%
Small
23.7%
clean
23.7%
snow,
23.7%
bless
23.7%
Edelweiss
23.2%
Edelweiss
23.2%
Edelweiss,
23.2%
edelweiss
23.2%
homeland
23.2%
Blossom
22.8%
bloom
22.8%
bloom
22.8%

You're not logged in!

Compare scores with friends on all Sporcle quizzes.
OR
Log In

From the Vault

8-Letter Sports Teams

by minshkins

Just pretend that these teams are cannibals and ate the other Big 4 teams.
Remove Ads.
Support Sporcle.
Get the best of Sporcle when you Go Orange. This ad-free experience offers more features, more stats, and more fun while also helping to support Sporcle. Thank you for becoming a member.

Show Comments

Extras

Created Feb 12, 2011ReportNominate
Tags:Musical Quiz, Song Quiz

Top Quizzes Today


Score Distribution

Your Account Isn't Verified!

In order to create a playlist on Sporcle, you need to verify the email address you used during registration. Go to your Sporcle Settings to finish the process.

Report this User

Report this user for behavior that violates our Community Guidelines.

Details: